000 00575nam a2200205Ia 4500
005 20250312071816.0
008 240331s9999 xx 000 0 und d
020 _a08030030 (ISSN)
082 _a301.01
_bOFS
_23180
245 0 _aDevelopment Theory: Recent Trends,
_bProceedings of the NFU Annual Conference 1992
260 _aFantoft-Bergen,
_bChr. Michelson Institute
_c1993
300 _av, 285 p.,
650 _aEconomics
650 _aDemocratism
650 _aHuman Rights
650 _aGender
700 _aOfstad, A
_eedt
700 _aWiig, A
_eedt
942 _cL
999 _c1053
_d1053